Армения как состояние любви / (Record no. 526524)
[ view plain ]
| 000 -LEADER | |
|---|---|
| fixed length control field | 01005nam a22002417a 4500 |
| 001 - CONTROL NUMBER | |
| control field | 000996418 |
| 003 - CONTROL NUMBER IDENTIFIER | |
| control field | AM-YeHGA |
| 005 - DATE AND TIME OF LATEST TRANSACTION | |
| control field | 20260406121131.0 |
| 008 - FIXED-LENGTH DATA ELEMENTS--GENERAL INFORMATION | |
| fixed length control field | 131211s2013 ai |||||| 000 0 arm d |
| 020 ## - INTERNATIONAL STANDARD BOOK NUMBER | |
| International Standard Book Number | 9789939904153 |
| 040 ## - CATALOGING SOURCE | |
| Original cataloging agency | AM-YeHGA |
| 041 0# - LANGUAGE CODE | |
| Language code of text/sound track or separate title | rus |
| -- | arm |
| 100 1# - MAIN ENTRY--PERSONAL NAME | |
| Personal name | Коноплев, Виктор Валерьевич |
| 245 10 - TITLE STATEMENT | |
| Title | Армения как состояние любви / |
| Statement of responsibility, etc. | Виктор Коноплев ; [Пер. на арм. яз. С. Ханяна ; Авт. предисл. З. Балаян]. |
| 246 15 - VARYING FORM OF TITLE | |
| Title proper/short title | Հայաստանը սիրո աղբյուր |
| 260 ## - PUBLICATION, DISTRIBUTION, ETC. | |
| Place of publication, distribution, etc. | Ереван : |
| Name of publisher, distributor, etc. | Филин, |
| Date of publication, distribution, etc. | 2013. |
| 300 ## - PHYSICAL DESCRIPTION | |
| Extent | 76 с. : |
| Other physical details | ил. + |
| Accompanying material | CD |
| 546 ## - LANGUAGE NOTE | |
| Language note | Текст парал. рус. и арм. |
| 650 14 - SUBJECT ADDED ENTRY--TOPICAL TERM | |
| Topical term or geographic name entry element | Русская литература |
| General subdivision | Поэзия |
| 700 1# - ADDED ENTRY--PERSONAL NAME | |
| Personal name | Խանյան, Սոկրատ Աղալարի, |
| Dates associated with a name | 1930- |
| Relator term | ред. |
| Relationship | edt |
| 9 (RLIN) | 2579 |
| 700 1# - ADDED ENTRY--PERSONAL NAME | |
| Personal name | Բալայան, Զորի Հայկի, |
| Dates associated with a name | 1935-2026 |
| Relator term | авт. предисл. |
| Relationship | aui |
| 9 (RLIN) | 1491 |
| 942 ## - ADDED ENTRY ELEMENTS (KOHA) | |
| Source of classification or shelving scheme | Universal Decimal Classification |
| Koha item type | Գրքեր / Books |
| Withdrawn status | Lost status | Damaged status | Not for loan | Collection | Home library | Current library | Date acquired | Total checkouts | Full call number | Barcode | Date last seen | Price effective from | Koha item type | Public note |
|---|---|---|---|---|---|---|---|---|---|---|---|---|---|---|
| General | Fundamental Scientific Library | Fundamental Scientific Library | 23/12/2022 | PI/64641 | FL0679306 | 23/12/2022 | 23/12/2022 | Գրքեր / Books | 30 Days Loan | |||||
| General | Fundamental Scientific Library | Fundamental Scientific Library | 14/03/2025 | PI/64909 | FL0688981 | 14/03/2025 | 14/03/2025 | Գրքեր / Books | 30 Days Loan |
ՀՀ Գիտությունների ազգային ակադեմիայի հիմնարար գիտական գրադարան = Fundamental Scientific Library of NAS RA
All site content, except where otherwise noted, is licensed under a